[Event "Campeonato del Mundo sub-20 2010 Fem."]
[Site "Chotowa-Czarna, Poland"]
[Date "2010.08.13"]
[Round "10.3"]
[White "Guramishvili, Sopiko"]
[Black "Padmini, Rout"]
[Result "1/2-1/2"]
[WhiteElo "2298"]
[BlackElo "2275"]
[PlyCount "89"]
[EventDate "2010.08.03"]
[EventType "swiss"]
[EventRounds "13"]
[EventCountry "POL"]
[Source "lmi"]
[SourceDate "2010.08.03"]

1. c4 Nf6 2. Nc3 e5 3. g3 g6 4. Bg2 Bg7 5. e3 O-O 6. Nge2 Nc6 7. d4 d6 8. d5
Ne7 9. O-O a6 10. a3 c6 11. b4 cxd5 12. cxd5 b5 13. a4 bxa4 14. Rxa4 Bd7 15.
Ra5 Qb6 16. Ba3 Rfc8 17. Qd3 Ne8 18. Rb1 Nc7 19. Bc1 Nf5 20. Qd1 Nb5 21. Bd2
Ra7 22. Nxb5 Bxb5 23. Nc3 Rxc3 24. Bxc3 Nxe3 25. Qe1 Nxg2 26. Kxg2 Rc7 27. Rc1
Qb7 28. Qd2 h5 29. Bb2 Rxc1 30. Bxc1 h4 31. gxh4 Qc8 32. Qd1 Qc4 33. h5 gxh5
34. Ra3 h4 35. h3 Qxb4 36. Qg4 Qc4 37. Qxc4 Bxc4 38. f3 Bxd5 39. Rxa6 e4 40.
Rxd6 exf3+ 41. Kf2 Be6 42. Kxf3 Bxh3 43. Bg5 Be6 44. Bxh4 Kh7 45. Rxe6 1/2-1/2

[Event "Campeonato del Mundo sub-20 2010 Fem."]
[Site "Chotowa-Czarna, Poland"]
[Date "2010.08.13"]
[Round "10.4"]
[White "Muminova, Nafisa"]
[Black "Mammadova, Gulnar Marfat"]
[Result "0-1"]
[WhiteElo "2290"]
[BlackElo "2260"]
[PlyCount "112"]
[EventDate "2010.08.03"]
[EventType "swiss"]
[EventRounds "13"]
[EventCountry "POL"]
[Source "lmi"]
[SourceDate "2010.08.03"]

1. e4 g6 2. d4 Bg7 3. Nc3 c6 4. f4 d5 5. e5 Nh6 6. Nf3 Bg4 7. Be3 Qb6 8. Rb1
Nf5 9. Bf2 e6 10. Be2 Nd7 11. O-O O-O 12. Ng5 Bxe2 13. Nxe2 Rae8 14. c3 f6 15.
Nf3 fxe5 16. dxe5 c5 17. h3 Qc6 18. g4 Ne7 19. Be3 h6 20. Qc2 g5 21. h4 gxf4
22. Bxf4 Rf7 23. Qd2 Qa4 24. b4 Qa6 25. g5 h5 26. Ng3 Ng6 27. Nxh5 Nxf4 28.
Nxf4 Qc4 29. Ng2 Ref8 30. Nh2 Nxe5 31. Rxf7 Rxf7 32. Qe3 d4 33. cxd4 cxd4 34.
Qd2 d3 35. Rc1 Qd4+ 36. Qe3 Nc4 37. Rxc4 Qxc4 38. Nf3 Qd5 39. Nge1 d2 40. Qxd2
Qxd2 41. Nxd2 Bc3 42. Ndf3 Rf4 43. a3 Bxe1 44. Nxe1 Rxh4 45. Kf2 Rc4 46. Nd3 b6
47. Ke3 Rg4 48. Nf4 e5 49. Nd5 Rxg5 50. Ne7+ Kf7 51. Nc6 Ke6 52. Nxa7 Rg3+ 53.
Ke4 Rxa3 54. Nc6 Ra4 55. Nd8+ Ke7 56. Nc6+ Kd6 0-1

[Event "Campeonato del Mundo sub-20 2010 Fem."]
[Site "Chotowa-Czarna, Poland"]
[Date "2010.08.13"]
[Round "10.5"]
[White "Severiukhina, Zoja"]
[Black "Toth, Sarolta"]
[Result "1-0"]
[WhiteElo "2341"]
[BlackElo "2207"]
[PlyCount "61"]
[EventDate "2010.08.03"]
[EventType "swiss"]
[EventRounds "13"]
[EventCountry "POL"]
[Source "lmi"]
[SourceDate "2010.08.03"]

1. e4 e5 2. Nf3 Nc6 3. Bb5 Nf6 4. O-O Nxe4 5. d4 Nd6 6. Bxc6 dxc6 7. dxe5 Nf5
8. Qxd8+ Kxd8 9. Nc3 h6 10. b3 Bd7 11. Bb2 Kc8 12. Rad1 Ne7 13. Rd2 b6 14. h3
c5 15. Rfd1 Be6 16. Ne2 Ng6 17. h4 Bg4 18. Nh2 Bxe2 19. Rxe2 Nxh4 20. Ng4 h5
21. Ne3 Ng6 22. Red2 Kb7 23. Rd7 Ne7 24. Nd5 Nxd5 25. R1xd5 Kc6 26. c4 f6 27.
f4 Re8 28. exf6 gxf6 29. Bxf6 Rg8 30. Bd8 Bd6 31. R5xd6+ 1-0

[Event "Campeonato del Mundo sub-20 2010 Fem."]
[Site "Chotowa-Czarna, Poland"]
[Date "2010.08.13"]
[Round "10.9"]
[White "Iwanow, Anna"]
[Black "Nakhbayeva, Guliskhan"]
[Result "0-1"]
[WhiteElo "2097"]
[BlackElo "2216"]
[PlyCount "70"]
[EventDate "2010.08.03"]
[EventType "swiss"]
[EventRounds "13"]
[EventCountry "POL"]
[Source "lmi"]
[SourceDate "2010.08.03"]

1. e4 e6 2. d4 d5 3. Nc3 Nf6 4. e5 Nfd7 5. f4 c5 6. Nf3 Nc6 7. Be3 Be7 8. Be2
O-O 9. O-O a6 10. Qd2 b5 11. Nd1 Qb6 12. c3 a5 13. g4 f5 14. Bf2 b4 15. gxf5
Rxf5 16. Bd3 Rf7 17. Kh1 Ba6 18. Bxa6 Qxa6 19. Rg1 Raf8 20. Be3 bxc3 21. bxc3
cxd4 22. cxd4 Nb6 23. Rg3 Nc4 24. Qg2 Nb4 25. Ne1 Bh4 26. a3 Bxg3 27. hxg3 Nc6
28. Bg1 a4 29. Nd3 Ne3 30. Nc5 Nxg2 31. Nxa6 Ne1 32. Rc1 Rc8 33. Rc3 Rb7 34.
Nc5 Rb1 35. Nf2 Nxd4 0-1

[Event "Campeonato del Mundo sub-20 2010 Fem."]
[Site "Chotowa-Czarna, Poland"]
[Date "2010.08.13"]
[Round "10.10"]
[White "Andrenko, Irina"]
[Black "Abdulla, Khayala Mardan"]
[Result "1/2-1/2"]
[WhiteElo "2133"]
[BlackElo "2193"]
[PlyCount "132"]
[EventDate "2010.08.03"]
[EventType "swiss"]
[EventRounds "13"]
[EventCountry "POL"]
[Source "lmi"]
[SourceDate "2010.08.03"]

1. e4 c5 2. c3 d5 3. exd5 Qxd5 4. d4 Nf6 5. Nf3 Bg4 6. Be2 e6 7. h3 Bh5 8. Be3
cxd4 9. cxd4 Nc6 10. Nc3 Qd6 11. O-O Be7 12. Nb5 Qd8 13. Ne5 Bxe2 14. Qxe2 Nb4
15. Rac1 Nbd5 16. Rc2 a6 17. Nc3 O-O 18. Rfc1 Nb4 19. Rd2 Rc8 20. Rdd1 Nbd5 21.
Rc2 Qa5 22. Nxd5 Qxd5 23. a3 Bd6 24. Nf3 Qh5 25. Rdc1 Rxc2 26. Qxc2 Nd5 27. Qe4
Re8 28. Qg4 Qxg4 29. hxg4 f6 30. Bd2 Kf7 31. g3 Bc7 32. Kf1 Rd8 33. Ke2 Bb6 34.
Rc4 Rd7 35. g5 Bd8 36. gxf6 gxf6 37. Rc1 Ne7 38. Rh1 Kg6 39. Nh4+ Kg7 40. Nf3
Nf5 41. Bc3 Bb6 42. Rd1 Rd5 43. a4 Kf7 44. Rh1 Kg7 45. Rd1 Ba7 46. g4 Ne7 47.
Bd2 Nc6 48. Be3 Ra5 49. b3 Rd5 50. Rc1 Bb6 51. Rd1 Na5 52. Rd3 Kf7 53. Rc3 Ke7
54. Rd3 Kd7 55. Nd2 Nc6 56. Nf3 Ba7 57. Rd1 e5 58. dxe5 Rxd1 59. Kxd1 Bxe3 60.
fxe3 Nxe5 61. Nxe5+ fxe5 62. Ke2 Ke6 63. Kd3 Kf6 64. Ke4 Kg5 65. Kxe5 Kxg4 66.
e4 h5 1/2-1/2

[Event "Campeonato del Mundo sub-20 2010 Fem."]
[Site "Chotowa-Czarna, Poland"]
[Date "2010.08.13"]
[Round "10.11"]
[White "Baciu, Diana"]
[Black "Semenova, Elena"]
[Result "0-1"]
[WhiteElo "2127"]
[BlackElo "2194"]
[PlyCount "84"]
[EventDate "2010.08.03"]
[EventType "swiss"]
[EventRounds "13"]
[EventCountry "POL"]
[Source "lmi"]
[SourceDate "2010.08.03"]

1. e4 e5 2. Bc4 Nf6 3. d3 Nc6 4. Nf3 Be7 5. O-O O-O 6. Re1 d6 7. a4 Kh8 8. c3
Ng8 9. Nbd2 f5 10. exf5 Bxf5 11. b4 Bf6 12. Ne4 Bg4 13. Bxg8 Kxg8 14. Qb3+ Kh8
15. Nfd2 Bh4 16. Ng3 Qe8 17. d4 Be6 18. Qc2 exd4 19. Nf3 Rxf3 20. gxf3 Ne5 21.
Kg2 Qf7 22. Qe4 Bd5 23. Qf5 Nxf3 24. Rd1 Nxh2+ 25. Kg1 Nf3+ 26. Kf1 Bxg3 27.
Qxf7 Bxf7 28. fxg3 Bb3 29. Rxd4 Nxd4 30. cxd4 Rf8+ 31. Ke2 Bc4+ 32. Ke3 Re8+
33. Kf3 Bd5+ 34. Kf2 Rf8+ 35. Ke2 Rf3 36. Ra3 Rf7 37. Re3 h5 38. Re8+ Kh7 39.
Be3 Kg6 40. Rh8 a6 41. Bf4 Bc6 42. a5 Rf5 0-1

[Event "Campeonato del Mundo sub-20 2010 Fem."]
[Site "Chotowa-Czarna, Poland"]
[Date "2010.08.13"]
[Round "10.12"]
[White "Cori Tello, Deysi Estela"]
[Black "Gosciniak, Maria"]
[Result "1-0"]
[WhiteElo "2403"]
[BlackElo "2149"]
[PlyCount "173"]
[EventDate "2010.08.03"]
[EventType "swiss"]
[EventRounds "13"]
[EventCountry "POL"]
[Source "lmi"]
[SourceDate "2010.08.03"]

1. d4 Nf6 2. c4 g6 3. Nf3 Bg7 4. g3 O-O 5. Bg2 d6 6. O-O c6 7. Nc3 Bf5 8. Nh4
Be6 9. Qd3 d5 10. c5 Qc8 11. Rd1 Bh3 12. f4 Bxg2 13. Kxg2 b6 14. cxb6 axb6 15.
Be3 e6 16. Rac1 c5 17. Nf3 Nbd7 18. b3 Qb7 19. a4 Ne4 20. Nb5 Rfc8 21. Kg1 Ndf6
22. Ne5 Bf8 23. Rc2 h5 24. Rdc1 Qa6 25. Kg2 Qb7 26. h3 c4 27. Qd1 cxb3 28. Rxc8
Rxc8 29. Rxc8 Qxc8 30. Qxb3 Ne8 31. Kf3 Qb7 32. g4 hxg4+ 33. hxg4 Qe7 34. Nc3
Nxc3 35. Qxc3 Qh4 36. Kg2 f6 37. Bf2 Qh7 38. Qc8 fxe5 39. Qxe8 exf4 40. Qxe6+
Qf7 41. Qxb6 Qe8 42. Qb3 Qe6 43. Qf3 g5 44. e3 Bd6 45. a5 Bb8 46. a6 Qd6 47.
exf4 gxf4 48. Qb3 Kg7 49. a7 f3+ 50. Qxf3 Bxa7 51. Bg3 Qe6 52. Be5+ Kg8 53. Kg3
Bb6 54. Qh1 Ba5 55. Qa1 Bd2 56. Qa8+ Kf7 57. Qb7+ Ke8 58. Qb5+ Kf7 59. Qf1+ Ke8
60. Qf5 Kd7 61. Kf3 Bc3 62. Ke3 Bb4 63. Kf3 Ke7 64. Kg3 Be1+ 65. Kg2 Bb4 66.
Qf3 Bd2 67. Qe2 Bg5 68. Kg3 Kf7 69. Qf1+ Ke8 70. Qb5+ Kf7 71. Qb1 Qh6 72. Qb7+
Ke8 73. Qb5+ Ke7 74. Qc5+ Ke8 75. Kg2 Qe6 76. Qb5+ Qd7 77. Qe2 Qe6 78. Qf3 Ke7
79. Qf5 Be3 80. Kf3 Bc1 81. Bf4 Bb2 82. Be5 Bc1 83. Qc2 Bg5 84. Qh7+ Qf7+ 85.
Qf5 Bd2 86. Bf4 Bxf4 87. Qxf7+ 1-0

[Event "Campeonato del Mundo sub-20 2010 Fem."]
[Site "Chotowa-Czarna, Poland"]
[Date "2010.08.13"]
[Round "10.13"]
[White "Ziaziulkina, Nastassia"]
[Black "Exler, Veronika"]
[Result "1-0"]
[WhiteElo "2293"]
[BlackElo "2143"]
[PlyCount "73"]
[EventDate "2010.08.03"]
[EventType "swiss"]
[EventRounds "13"]
[EventCountry "POL"]
[Source "lmi"]
[SourceDate "2010.08.03"]

1. e4 c6 2. d4 d5 3. Nc3 dxe4 4. Nxe4 Nd7 5. Ng5 Ngf6 6. Bd3 e6 7. N1f3 Bd6 8.
Qe2 h6 9. Ne4 Nxe4 10. Qxe4 Qc7 11. Qg4 Kf8 12. O-O b6 13. b3 Bb7 14. Bb2 Nf6
15. Qh3 Nd5 16. g3 c5 17. c4 Nb4 18. Be2 Qc6 19. d5 exd5 20. cxd5 Nxd5 21. Qh5
Nc7 22. Rfd1 Re8 23. Bf1 g6 24. Qh3 Bc8 25. Qh4 Be7 26. Qf4 Rh7 27. Ne5 g5 28.
Qd2 Qb7 29. Bg2 Qa6 30. Be4 f5 31. Bf3 b5 32. Nd7+ Bxd7 33. Qxd7 Qb6 34. Bh5
Rd8 35. Qxf5+ Kg8 36. Bg6 Rxd1+ 37. Rxd1 1-0

[Event "Campeonato del Mundo sub-20 2010 Fem."]
[Site "Chotowa-Czarna, Poland"]
[Date "2010.08.13"]
[Round "10.14"]
[White "Kaya, Emel"]
[Black "Skinke, Katrina"]
[Result "0-1"]
[WhiteElo "2015"]
[BlackElo "2237"]
[PlyCount "68"]
[EventDate "2010.08.03"]
[EventType "swiss"]
[EventRounds "13"]
[EventCountry "POL"]
[Source "lmi"]
[SourceDate "2010.08.03"]

1. e4 d6 2. d4 Nf6 3. Nc3 g6 4. g3 Bg7 5. Bg2 O-O 6. Nge2 Nc6 7. O-O e5 8. h3
exd4 9. Nxd4 Bd7 10. Be3 Re8 11. Qd2 a6 12. a4 Ne5 13. Bh6 c5 14. Bxg7 Kxg7 15.
Nde2 Bxh3 16. b3 Bxg2 17. Kxg2 Nc6 18. f3 Qe7 19. Nf4 Rad8 20. Rad1 Nb4 21. g4
Qe5 22. Rh1 Kg8 23. Nd3 Nxd3 24. Qxd3 h5 25. gxh5 Nxh5 26. Nd5 Kg7 27. Rh3 Rh8
28. Kf2 Nf6 29. Rxh8 Rxh8 30. Nxf6 Rh2+ 31. Kf1 Qxf6 32. Qe3 Qh4 33. e5 Rh1+
34. Ke2 Qh2+ 0-1

[Event "Campeonato del Mundo sub-20 2010 Fem."]
[Site "Chotowa-Czarna, Poland"]
[Date "2010.08.13"]
[Round "10.15"]
[White "Kulon, Klaudia"]
[Black "Newrkla, Katharina"]
[Result "1-0"]
[WhiteElo "2230"]
[BlackElo "2105"]
[PlyCount "71"]
[EventDate "2010.08.03"]
[EventType "swiss"]
[EventRounds "13"]
[EventCountry "POL"]
[Source "lmi"]
[SourceDate "2010.08.03"]

1. e4 c5 2. Nf3 d6 3. d4 cxd4 4. Nxd4 Nf6 5. Nc3 a6 6. Be3 e5 7. Nb3 Be6 8. f3
Nbd7 9. g4 b5 10. g5 b4 11. Nd5 Nxd5 12. exd5 Bf5 13. Bd3 Bxd3 14. Qxd3 Be7 15.
h4 O-O 16. O-O-O f5 17. gxf6 Nxf6 18. h5 Rc8 19. Rdg1 Rf7 20. Kb1 Qc7 21. Nd2
Kh8 22. Bg5 Nd7 23. Bxe7 Rxe7 24. Rh4 Nf6 25. h6 g6 26. Rc1 Qa5 27. Ne4 Nxd5
28. Nxd6 Rc3 29. Qe4 Re3 30. Qg4 Qc7 31. Rd1 Nf6 32. Qxb4 Rd7 33. a3 Rxf3 34.
Rc4 Qa7 35. Rc8+ Ng8 36. Qc4 1-0

[Event "Campeonato del Mundo sub-20 2010 Fem."]
[Site "Chotowa-Czarna, Poland"]
[Date "2010.08.13"]
[Round "10.16"]
[White "Nesterovskaya, Anzhelika"]
[Black "Saduakassova, Dinara"]
[Result "1-0"]
[WhiteElo "2177"]
[BlackElo "2131"]
[PlyCount "61"]
[EventDate "2010.08.03"]
[EventType "swiss"]
[EventRounds "13"]
[EventCountry "POL"]
[Source "lmi"]
[SourceDate "2010.08.03"]

1. e4 c5 2. Nf3 d6 3. d4 cxd4 4. Nxd4 Nf6 5. Nc3 a6 6. Be2 e6 7. O-O Qc7 8. f4
b5 9. a3 Bb7 10. Bf3 Nbd7 11. Qe1 Nb6 12. Kh1 Rd8 13. g4 d5 14. e5 Ne4 15. Nce2
g5 16. c3 Bg7 17. fxg5 Bxe5 18. Qh4 O-O 19. Bg2 Qe7 20. Qh5 Bh8 21. Rf3 Nd7 22.
Be3 Rfe8 23. Raf1 f6 24. gxf6 Ndxf6 25. Qh3 Nd6 26. Bg5 Rf8 27. Nf4 Bc8 28. Nc6
Qd7 29. Nxd8 Qxd8 30. Nh5 Nde4 31. Qh4 1-0

[Event "Campeonato del Mundo sub-20 2010 Fem."]
[Site "Chotowa-Czarna, Poland"]
[Date "2010.08.13"]
[Round "10.19"]
[White "Zmarzly, Aleksandra"]
[Black "Olsarova, Tereza"]
[Result "0-1"]
[WhiteElo "2026"]
[BlackElo "2252"]
[PlyCount "118"]
[EventDate "2010.08.03"]
[EventType "swiss"]
[EventRounds "13"]
[EventCountry "POL"]
[Source "lmi"]
[SourceDate "2010.08.03"]

1. e4 e5 2. Nf3 Nc6 3. Bb5 a6 4. Ba4 Nf6 5. O-O Nxe4 6. d4 b5 7. Bb3 d5 8. dxe5
Be6 9. Nbd2 Nc5 10. c3 Be7 11. Bc2 O-O 12. Nb3 Bg4 13. Re1 Ne4 14. Bf4 f5 15.
Nbd4 Nxd4 16. cxd4 c5 17. dxc5 Bxc5 18. Rf1 Kh8 19. h3 Bh5 20. Qd3 Rc8 21. Bb3
Qb6 22. Be3 Bxf3 23. gxf3 Bxe3 24. Qxe3 d4 25. Qd3 Ng5 26. f4 Ne4 27. Bd5 Qg6+
28. Kh2 Qh6 29. Qxd4 Qxf4+ 30. Kg2 Rfd8 31. Rad1 Rc5 32. Qb4 a5 33. Qa3 b4 34.
Bxe4 Qxe4+ 35. Kg1 Re8 36. Qg3 f4 37. Qg4 Qxe5 38. Rfe1 Qxe1+ 39. Rxe1 Rxe1+
40. Kg2 Re8 41. Qxf4 Kg8 42. Qd4 Rg5+ 43. Kf3 Rf5+ 44. Kg3 Ref8 45. a3 Rxf2 46.
Qd5+ Kh8 47. axb4 axb4 48. b3 h6 49. h4 R8f5 50. Qa8+ Kh7 51. Qa4 h5 52. Qc6
R5f3+ 53. Qxf3 Rxf3+ 54. Kxf3 Kg6 55. Ke4 Kf6 56. Kf4 g6 57. Ke4 g5 58. hxg5+
Kxg5 59. Kf3 Kf5 0-1

[Event "Campeonato del Mundo sub-20 2010 Fem."]
[Site "Chotowa-Czarna, Poland"]
[Date "2010.08.13"]
[Round "10.20"]
[White "Petrova, Irina"]
[Black "Butuc, Maria"]
[Result "1-0"]
[WhiteElo "2014"]
[BlackElo "2220"]
[PlyCount "61"]
[EventDate "2010.08.03"]
[EventType "swiss"]
[EventRounds "13"]
[EventCountry "POL"]
[Source "lmi"]
[SourceDate "2010.08.03"]

1. d4 Nf6 2. Nf3 e6 3. c3 b6 4. Bf4 Bb7 5. Nbd2 c5 6. e3 Be7 7. Qc2 O-O 8. Bd3
d5 9. g4 c4 10. Be2 Nxg4 11. Rg1 f5 12. h3 Nf6 13. Ne5 Kh8 14. O-O-O Nc6 15.
Ndf3 Ne4 16. Rg2 Bf6 17. Rdg1 Qe7 18. h4 b5 19. h5 b4 20. Rh1 Bxe5 21. Nxe5
Nxe5 22. Bxe5 Nf6 23. cxb4 a5 24. b5 a4 25. a3 Ra5 26. Rhg1 Rf7 27. Bd1 Rxb5
28. Qxa4 Rb6 29. Rxg7 Rxg7 30. Bxf6 Qxf6 31. Qe8+ 1-0

[Event "Campeonato del Mundo sub-20 2010 Fem."]
[Site "Chotowa-Czarna, Poland"]
[Date "2010.08.13"]
[Round "10.21"]
[White "Osmanodja, Filiz"]
[Black "Lach, Aleksandra"]
[Result "0-1"]
[WhiteElo "2061"]
[BlackElo "2179"]
[PlyCount "82"]
[EventDate "2010.08.03"]
[EventType "swiss"]
[EventRounds "13"]
[EventCountry "POL"]
[Source "lmi"]
[SourceDate "2010.08.03"]

1. e4 c5 2. Nf3 d6 3. d4 cxd4 4. Nxd4 Nf6 5. Nc3 a6 6. Be3 e5 7. Nf3 Qc7 8. a4
Be7 9. a5 O-O 10. Be2 Nc6 11. Bb6 Qd7 12. O-O Bd8 13. Qd3 Bxb6 14. axb6 Rd8 15.
Nd5 Nxd5 16. exd5 Ne7 17. b4 Qf5 18. Qxf5 Bxf5 19. c4 Kf8 20. Rfd1 Be4 21. Nd2
Bg6 22. Bf3 f5 23. Nb3 Bf7 24. Na5 Rab8 25. g4 g6 26. gxf5 gxf5 27. Bg2 Bh5 28.
Rd2 e4 29. Bh3 Kf7 30. Raa2 Kf6 31. Rd4 Ng6 32. Kf1 Nf4 33. Bg2 Rg8 34. Bh1 Bg4
35. Ke1 Ke5 36. Nb3 Bh3 37. Rd1 Bg4 38. Rb1 Be2 39. Kd2 Bxc4 40. f3 Bxb3 41.
Rxb3 Rg1 0-1

[Event "Campeonato del Mundo sub-20 2010 Fem."]
[Site "Chotowa-Czarna, Poland"]
[Date "2010.08.13"]
[Round "10.22"]
[White "Guadamuro Torrente, Anabel"]
[Black "Khanamiryan, Ani"]
[Result "1/2-1/2"]
[WhiteElo "2137"]
[BlackElo "2014"]
[PlyCount "74"]
[EventDate "2010.08.03"]
[EventType "swiss"]
[EventRounds "13"]
[EventCountry "POL"]
[Source "lmi"]
[SourceDate "2010.08.03"]

1. e4 Nf6 2. e5 Nd5 3. d4 d6 4. c4 Nb6 5. exd6 exd6 6. Nc3 Nc6 7. Be3 Bf5 8.
Rc1 Be7 9. Nf3 O-O 10. Be2 Bf6 11. O-O Re8 12. b3 Bg6 13. Qd2 d5 14. Rfd1 Ne7
15. Bg5 Bxg5 16. Qxg5 c6 17. Qf4 Nd7 18. Bf1 Nf6 19. Ne5 Bh5 20. f3 dxc4 21.
bxc4 Ng6 22. Nxg6 Bxg6 23. Qd2 Qa5 24. Ne4 Qd8 25. Nc5 b6 26. Nb3 h6 27. a4 Qe7
28. Re1 Qa3 29. Qc3 Rxe1 30. Rxe1 c5 31. dxc5 Qxa4 32. cxb6 axb6 33. Ra1 Qe8
34. Rxa8 Qxa8 35. Qe3 Qc6 36. g3 Qd6 37. Be2 Nd7 1/2-1/2

[Event "Campeonato del Mundo sub-20 2010 Fem."]
[Site "Chotowa-Czarna, Poland"]
[Date "2010.08.13"]
[Round "10.23"]
[White "Kasperek, Joanna"]
[Black "Forestier, Carole"]
[Result "0-1"]
[WhiteElo "2001"]
[BlackElo "2103"]
[PlyCount "130"]
[EventDate "2010.08.03"]
[EventType "swiss"]
[EventRounds "13"]
[EventCountry "POL"]
[Source "lmi"]
[SourceDate "2010.08.03"]

1. e4 e6 2. d4 d5 3. Nc3 Nf6 4. Bg5 Bb4 5. e5 h6 6. Bd2 Bxc3 7. bxc3 Ne4 8. Qg4
g6 9. Be3 c5 10. Bd3 h5 11. Qf3 Nxc3 12. Nh3 Nc6 13. dxc5 Nxe5 14. Qg3 Nxd3+
15. cxd3 d4 16. Qe5 f6 17. Qxd4 Qxd4 18. Bxd4 Nd5 19. f4 Bd7 20. O-O Kf7 21.
Rab1 Bc6 22. Rfe1 Rhd8 23. Ba1 Rd7 24. g3 a6 25. Nf2 Bb5 26. Ne4 Bxd3 27. Nd6+
Ke7 28. Rxb7 Rxb7 29. Nxb7 Rc8 30. Bd4 h4 31. a3 Bc2 32. Rc1 Ba4 33. Nd6 Rb8
34. Nc4 Rb3 35. Na5 Rd3 36. Bf2 Rxa3 37. c6 Rc3 38. Rxc3 Nxc3 39. Bc5+ Kd8 40.
Bb6+ Kc8 41. c7 Bb5 42. Nb3 Nd5 43. Ba5 Nxc7 44. Nc5 hxg3 45. hxg3 Bc4 46. g4
Ne8 47. Kf2 Nd6 48. Na4 Kd7 49. Ke3 Bb5 50. Nc5+ Kc6 51. Nb3 Nc4+ 52. Kd4 Nxa5
53. Nxa5+ Kb6 54. Nb3 Be2 55. g5 fxg5 56. fxg5 a5 57. Kc3 e5 58. Nd2 Kc5 59.
Ne4+ Kd5 60. Ng3 Bf3 61. Kd3 e4+ 62. Kc3 Ke5 63. Kb3 Bd1+ 64. Kc4 Kf4 65. Nf1
Be2+ 0-1

[Event "Campeonato del Mundo sub-20 2010 Fem."]
[Site "Chotowa-Czarna, Poland"]
[Date "2010.08.13"]
[Round "10.25"]
[White "Cyboran, Katarzyna"]
[Black "Rysbayeva, Aigerim"]
[Result "1/2-1/2"]
[WhiteElo "1777"]
[BlackElo "2209"]
[PlyCount "83"]
[EventDate "2010.08.03"]
[EventType "swiss"]
[EventRounds "13"]
[EventCountry "POL"]
[Source "lmi"]
[SourceDate "2010.08.03"]

1. e4 c5 2. Nf3 d6 3. d4 cxd4 4. Nxd4 Nf6 5. Nc3 Nc6 6. Bg5 e6 7. Qd2 Qb6 8.
O-O-O Qxd4 9. Qxd4 Nxd4 10. Rxd4 a6 11. Bc4 Bd7 12. f3 Bc6 13. Re1 Nd7 14. Nd5
Rc8 15. Bb3 h6 16. Bh4 g5 17. Bg3 Bg7 18. Rd2 Be5 19. Bxe5 Nxe5 20. Nb6 Rd8 21.
Red1 Ke7 22. Nc4 Nxc4 23. Bxc4 g4 24. Re1 gxf3 25. gxf3 Rhg8 26. Bb3 Rg6 27. c3
Rf6 28. Rd3 Rg8 29. Red1 Rg2 30. R1d2 Rxd2 31. Kxd2 Rf4 32. Ke3 e5 33. Bd5 Rh4
34. Bxc6 bxc6 35. Rd2 f5 36. exf5 d5 37. Rg2 c5 38. Rg6 d4+ 39. cxd4 exd4+ 40.
Kd3 Rxh2 41. Rxa6 Rxb2 42. Rxh6 1/2-1/2

[Event "Campeonato del Mundo sub-20 2010 Fem."]
[Site "Chotowa-Czarna, Poland"]
[Date "2010.08.13"]
[Round "10.26"]
[White "Orehek, Spela"]
[Black "Uta, Adeline-ramona"]
[Result "1/2-1/2"]
[WhiteElo "1883"]
[BlackElo "2099"]
[PlyCount "92"]
[EventDate "2010.08.03"]
[EventType "swiss"]
[EventRounds "13"]
[EventCountry "POL"]
[Source "lmi"]
[SourceDate "2010.08.03"]

1. e4 c5 2. c3 Nf6 3. e5 Nd5 4. d4 cxd4 5. cxd4 d6 6. Bc4 e6 7. Nf3 Nc6 8. O-O
Be7 9. Qe2 O-O 10. Re1 Qc7 11. a3 Bd7 12. Qe4 Na5 13. Ba2 Ba4 14. Bxd5 exd5 15.
Qg4 Bd7 16. Qg3 Bf5 17. Nc3 Qc6 18. Bf4 Rfd8 19. exd6 Bxd6 20. Bxd6 Rxd6 21.
Ne5 Qb6 22. Qf3 Be6 23. Qd3 Rc8 24. Na4 Qc7 25. Nc5 Qb6 26. Nxe6 Rxe6 27. h3
Nc4 28. Rac1 f6 29. Nxc4 Rxe1+ 30. Rxe1 dxc4 31. Qf5 Rd8 32. d5 Qd6 33. Rc1 b5
34. a4 a6 35. axb5 axb5 36. Rd1 Qe5 37. Qxe5 fxe5 38. d6 Kf7 39. Rd5 Ke6 40.
Rxb5 Rxd6 41. g4 Rd2 42. Kg2 Kd6 43. Kf3 Rd3+ 44. Ke4 Rxh3 45. Rxe5 Rb3 46.
Rd5+ Ke6 1/2-1/2

[Event "Campeonato del Mundo sub-20 2010 Fem."]
[Site "Chotowa-Czarna, Poland"]
[Date "2010.08.13"]
[Round "10.27"]
[White "Pratyusha, Bodda"]
[Black "Correa"]
[Result "1/2-1/2"]
[WhiteElo "2061"]
[BlackElo "1876"]
[PlyCount "74"]
[EventDate "2010.08.03"]
[EventType "swiss"]
[EventRounds "13"]
[EventCountry "POL"]
[Source "lmi"]
[SourceDate "2010.08.03"]

1. e4 d6 2. d4 Nf6 3. Nc3 g6 4. f4 Bg7 5. Nf3 c5 6. d5 O-O 7. Bc4 Na6 8. O-O
Nc7 9. a4 e6 10. Bd2 Rb8 11. Be1 b6 12. Bh4 Qd7 13. dxe6 Nxe6 14. Bb5 Qb7 15.
Qxd6 a6 16. Bc6 Qa7 17. f5 Rd8 18. Qg3 Nh5 19. Qf2 Rd6 20. Nd5 Nd4 21. Ne7+ Kh8
22. Bd5 Bb7 23. c3 Nxf3+ 24. Qxf3 Bxd5 25. exd5 Qd7 26. Rae1 Qxa4 27. g4 Bf6
28. Re4 Qd7 29. gxh5 Bxh4 30. Nc6 Rg8 31. Rxh4 gxf5+ 32. Kh1 Rxd5 33. Ne7 Qxe7
34. Qxd5 Qxh4 35. Qxf5 Rg7 36. Qc8+ Rg8 37. Qf5 Rg7 1/2-1/2

[Event "Campeonato del Mundo sub-20 2010 Fem."]
[Site "Chotowa-Czarna, Poland"]
[Date "2010.08.13"]
[Round "10.28"]
[White "Deur, Zrinka"]
[Black "Jablonska, Sabina"]
[Result "0-1"]
[WhiteElo "2061"]
[BlackElo "1876"]
[PlyCount "82"]
[EventDate "2010.08.03"]
[EventType "swiss"]
[EventRounds "13"]
[EventCountry "POL"]
[Source "lmi"]
[SourceDate "2010.08.03"]

1. e4 d5 2. exd5 Nf6 3. d4 Nxd5 4. Nf3 g6 5. g3 Bg7 6. Bg2 Bg4 7. h3 Bxf3 8.
Qxf3 c6 9. O-O Bxd4 10. Rd1 Qb6 11. c3 Bg7 12. Qg4 e6 13. Nd2 O-O 14. Bxd5 cxd5
15. Nf3 Nc6 16. Rb1 Ne5 17. Nxe5 Bxe5 18. Be3 Qc7 19. Rd2 a6 20. Rbd1 b5 21. a4
Qc4 22. Bd4 Bg7 23. axb5 axb5 24. Qg5 Ra2 25. Bxg7 Kxg7 26. Qe5+ Kg8 27. Rb1
Qb3 28. h4 h5 29. g4 Qa4 30. gxh5 Qg4+ 31. Kf1 Qxh5 32. Qxh5 gxh5 33. Ke2 f6
34. Rg1+ Kf7 35. Kd3 Ra4 36. f3 Rxh4 37. Rdg2 e5 38. Rg7+ Ke6 39. Rb7 Rh3 40.
Rxb5 Rxf3+ 41. Kc2 e4 0-1

[Event "Campeonato del Mundo sub-20 2010 Fem."]
[Site "Chotowa-Czarna, Poland"]
[Date "2010.08.13"]
[Round "10.29"]
[White "Tomaszewska, Luiza"]
[Black "Chierici, Marianna"]
[Result "0-1"]
[WhiteElo "1968"]
[BlackElo "2016"]
[PlyCount "67"]
[EventDate "2010.08.03"]
[EventType "swiss"]
[EventRounds "13"]
[EventCountry "POL"]
[Source "lmi"]
[SourceDate "2010.08.03"]

1. e4 c5 2. d3 Nc6 3. g3 d6 4. Bg2 Nf6 5. Nf3 Bg4 6. Nbd2 g6 7. h3 Bd7 8. O-O
Qc8 9. Kh2 h5 10. a4 Ng4+ 11. Kg1 Nge5 12. Nxe5 Nxe5 13. f4 Nc6 14. Kh2 h4 15.
g4 f5 16. exf5 gxf5 17. g5 Bg7 18. c3 Qc7 19. Nc4 O-O-O 20. Ne3 e6 21. Rb1 d5
22. Bd2 Rdg8 23. b4 d4 24. cxd4 Bxd4 25. Kh1 cxb4 26. Nc2 a5 27. Nxd4 Nxd4 28.
Rc1 Bc6 29. Be3 Rd8 30. Qe1 Nb3 31. Bb6 Qxb6 32. Qxe6+ Kb8 33. Qxb3 Bxg2+ 34.
Kxg2 0-1

[Event "Campeonato del Mundo sub-20 2010 Fem."]
[Site "Chotowa-Czarna, Poland"]
[Date "2010.08.13"]
[Round "10.30"]
[White "Edes, Zsofia"]
[Black "Ho, En Huei Danielle"]
[Result "1/2-1/2"]
[WhiteElo "2097"]
[BlackElo "1898"]
[PlyCount "55"]
[EventDate "2010.08.03"]
[EventType "swiss"]
[EventRounds "13"]
[EventCountry "POL"]
[Source "lmi"]
[SourceDate "2010.08.03"]

1. d4 d5 2. c4 e6 3. Nf3 c6 4. e3 f5 5. Bd3 Nf6 6. O-O Bd6 7. b3 O-O 8. Ba3
Bxa3 9. Nxa3 Ne4 10. Qc1 Nd7 11. Ne5 Qe7 12. Rb1 a6 13. b4 Nxe5 14. dxe5 Bd7
15. f3 Ng5 16. f4 Ne4 17. Qb2 Rfc8 18. Rfc1 Be8 19. cxd5 exd5 20. Bxe4 fxe4 21.
Nc2 Bd7 22. Qd4 Bg4 23. Qc5 Qd8 24. Qd4 Be2 25. Rb2 g6 26. a4 Bc4 27. a5 Rc7
28. Qb6 1/2-1/2